[Event "St Denis op 21st"]
[Site "St Denis"]
[Date "2019.10.20"]
[Round "4"]
[White "Padre, Maxime"]
[Black "Alex Geerjanan, Nils"]
[Result "1-0"]
[WhiteElo "1512"]
[BlackElo "1009"]
[PlyCount "87"]
[EventDate "2019.10.20"]
[EventType "swiss"]
[EventRounds "9"]
[EventCountry "RUF"]
[SourceTitle "CBM 192 Extra"]
[Source "Chessbase"]
[SourceDate "2019.11.06"]
[SourceVersion "1"]
[SourceVersionDate "2019.11.06"]
[SourceQuality "1"]

1. b3 f5 2. Bb2 Nf6 3. e3 Nc6 4. f4 e6 5. Nf3 b6 6. Be2 Bb7 7. 0-0 Ne7 8. Ng5 Ng6 9. Bf3 Ne4 10. Nxe4 fxe4 11. Bh5 Qe7 12. Qg4 0-0-0 13. Bxg6 hxg6 14. Qxg6 Rh6 15. Qg3 Qh4 16. Qxh4 Rxh4 17. Nc3 Bb4 18. a3 Be7 19. Rf2 g5 20. Ne2 gxf4 21. Nxf4 Rg4 22. b4 Rf8 23. c4 d6 24. Nxe6 Rxf2 25. Kxf2 Rg8 26. Kg1 Kb8 27. Rf1 Bc8 28. Nd4 c5 29. Nc6+ Kb7 30. Nxe7 Re8 31. Nxc8 Rxc8 32. Rf7+ Kb8 33. Rd7 Rc6 34. b5 Rc8 35. Rxd6 Kc7 36. Rc6+ Kb7 37. Rxc8 Kxc8 38. h4 Kd8 39. h5 Ke8 40. h6 Kf8 41. h7 Ke8 42. h8Q+ Kd7 43. Qg7+ Ke6 44. Qf6+ 1-0

[Event "Reunion op 20th"]
[Site "St Denis"]
[Date "2018.10.16"]
[Round "4"]
[White "Alex Geerjanan, Nils"]
[Black "Erudel, Maeva"]
[Result "1-0"]
[WhiteElo "1015"]
[BlackElo "1009"]
[PlyCount "47"]
[EventDate "2018.10.14"]
[EventType "swiss"]
[EventRounds "9"]
[EventCountry "RUF"]
[SourceTitle "CBM 187 Extra"]
[Source "ChessBase"]
[SourceDate "2018.11.04"]
[SourceVersion "1"]
[SourceVersionDate "2018.11.04"]
[SourceQuality "1"]

1. e4 e5 2. Nf3 Nc6 3. Bc4 Nf6 4. 0-0 Bc5 5. d3 d6 6. h3 Bd7 7. Bg5 h6 8. Bh4 Nd4 9. c3 Nc6 10. Re1 0-0 11. Nbd2 a6 12. a3 b5 13. Ba2 a5 14. Nf1 Ne7 15. Bxf6 gxf6 16. Nh4 b4 17. axb4 axb4 18. cxb4 Bxb4 19. Re3 Bc5 20. Rg3+ Kh8 21. Qh5 Ng8 22. Ng6+ fxg6 23. Qxg6 Ne7 24. Qxh6# 1-0

[Event "Reunion op 19th"]
[Site "St Denis"]
[Date "2017.10.21"]
[Round "7"]
[White "Alex Geerjanan, Nils"]
[Black "Assie, Joel"]
[Result "0-1"]
[WhiteElo "1140"]
[BlackElo "1398"]
[PlyCount "100"]
[EventDate "2017.10.16"]
[EventType "swiss"]
[EventRounds "7"]
[EventCountry "RUF"]
[SourceTitle "CBM 181 Extra"]
[Source "ChessBase"]
[SourceDate "2017.12.12"]
[SourceVersion "1"]
[SourceVersionDate "2017.12.12"]
[SourceQuality "1"]

1. e4 c6 2. d4 d5 3. exd5 cxd5 4. Nf3 e6 5. Bf4 Nf6 6. Nc3 a6 7. a3 Be7 8. Bd3 0-0 9. 0-0 Nh5 10. Be5 f6 11. Bxb8 Rxb8 12. Ne5 Qe8 13. Nf3 Nf4 14. h3 Bd7 15. Ne2 Nxd3 16. Qxd3 Bb5 17. Qd2 Bd6 18. Nc3 Bxf1 19. Rxf1 Qd7 20. Ne2 Rfe8 21. Ng3 Rbc8 22. Qd3 Qc7 23. Rc1 Bxg3 24. fxg3 Qxg3 25. Rf1 Qg6 26. Qxg6 hxg6 27. Rc1 Kf7 28. Nd2 e5 29. Nb3 b6 30. dxe5 Rxe5 31. Nd4 Rc4 32. Nf3 Re2 33. Nd4 Rxd4 34. Kf1 Rdd2 35. Re1 Rxg2 36. Rc1 Rxc2 37. Rxc2 Rxc2 38. b4 Ke6 39. a4 Ke5 40. b5 a5 41. Ke1 Ke4 42. Kd1 Kd3 43. Ke1 Rb2 44. h4 d4 45. h5 g5 46. h6 gxh6 47. Kf1 Ke3 48. Kg1 Kf3 49. Kh1 Kg3 50. Kg1 Rb1# 0-1

[Event "Reunion op 19th"]
[Site "St Denis"]
[Date "2017.10.20"]
[Round "6"]
[White "Padre, Maxime"]
[Black "Alex Geerjanan, Nils"]
[Result "1-0"]
[WhiteElo "1347"]
[BlackElo "1140"]
[PlyCount "71"]
[EventDate "2017.10.16"]
[EventType "swiss"]
[EventRounds "7"]
[EventCountry "RUF"]
[SourceTitle "CBM 181 Extra"]
[Source "ChessBase"]
[SourceDate "2017.12.12"]
[SourceVersion "1"]
[SourceVersionDate "2017.12.12"]
[SourceQuality "1"]

1. Nf3 Nc6 2. c4 Nf6 3. g3 g6 4. Bg2 Bg7 5. 0-0 0-0 6. Nc3 d6 7. d3 Bg4 8. Bd2 Qd7 9. Re1 Bh3 10. Bh1 Rad8 11. a3 Qe6 12. Ng5 Qc8 13. Nxh3 Qxh3 14. Bg2 Qh5 15. e3 Qxd1 16. Rexd1 e6 17. b4 d5 18. cxd5 exd5 19. d4 a5 20. b5 Ne7 21. a4 c6 22. Rab1 cxb5 23. Rxb5 Rb8 24. Rxa5 Nc6 25. Rb5 Na7 26. Rb2 Nc8 27. Nxd5 Nxd5 28. Bxd5 Ne7 29. Bg2 Rfd8 30. Rdb1 Rd7 31. Rxb7 Rbxb7 32. Rxb7 Rxb7 33. Bxb7 Nf5 34. a5 Bf6 35. a6 Nd6 36. a7 1-0

[Event "Reunion op 17th"]
[Site "St Denis"]
[Date "2015.10.10"]
[Round "9"]
[White "Alex Geerjanan, Nils"]
[Black "Collet, Marine Celine There"]
[Result "0-1"]
[WhiteElo "1120"]
[BlackElo "1450"]
[PlyCount "76"]
[EventDate "2015.10.10"]
[EventType "swiss"]
[EventRounds "9"]
[EventCountry "RUF"]
[SourceTitle "CBM 168 Extra"]
[Source "ChessBase"]
[SourceDate "2015.10.29"]
[SourceVersion "1"]
[SourceVersionDate "2015.10.29"]
[SourceQuality "1"]

1. e4 e5 2. Nf3 Nc6 3. Bc4 Bc5 4. c3 Nf6 5. d4 exd4 6. cxd4 Bb4+ 7. Bd2 Bxd2+ 8. Nbxd2 d5 9. exd5 Nxd5 10. 0-0 0-0 11. h3 Be6 12. Bb3 Qf6 13. Qe2 Qg6 14. Nh4 Qg5 15. Qe4 f5 16. Qxe6+ Kh8 17. Bc2 Rae8 18. Qxd5 Rd8 19. Qc5 Rd6 20. Nxf5 Rff6 21. Ng3 Rd5 22. Rfe1 g6 23. Re8+ Kg7 24. Qxa7 Nxa7 25. Nge4 Qh4 26. Nc4 Rxd4 27. Ne3 Rxe4 28. Bxe4 Qxf2+ 29. Kh2 Qxe3 30. Re7+ Kf8 31. Rxc7 Qf4+ 32. Kg1 Qxc7 33. Bc2 Qxc2 34. b4 Qf2+ 35. Kh2 Qf4+ 36. Kg1 Qd4+ 37. Kh2 Qxa1 38. g3 Rf2# 0-1

[Event "Reunion op 17th"]
[Site "St Denis"]
[Date "2015.10.10"]
[Round "1"]
[White "Strate, Wolfgang"]
[Black "Alex Geerjanan, Nils"]
[Result "1-0"]
[WhiteElo "1628"]
[BlackElo "1120"]
[PlyCount "61"]
[EventDate "2015.10.10"]
[EventType "swiss"]
[EventRounds "9"]
[EventCountry "RUF"]
[SourceTitle "CBM 168 Extra"]
[Source "ChessBase"]
[SourceDate "2015.10.29"]
[SourceVersion "1"]
[SourceVersionDate "2015.10.29"]
[SourceQuality "1"]

1. d4 d5 2. e4 dxe4 3. Nc3 Nf6 4. f3 exf3 5. Nxf3 Nc6 6. d5 Nb4 7. Bc4 Bf5 8. Bb3 e6 9. Ba4+ c6 10. dxc6 bxc6 11. Be3 Bd6 12. a3 Na6 13. Bxc6+ Nd7 14. Bxa8 Qxa8 15. Qxd6 Qb8 16. Qxb8+ Ndxb8 17. 0-0-0 e5 18. Rd6 e4 19. Ng5 h6 20. Ngxe4 Bxe4 21. Nxe4 0-0 22. Bxa7 Nc5 23. Nxc5 Rc8 24. Rhd1 Nc6 25. Bb6 Ne5 26. Rd8+ Rxd8 27. Rxd8+ Kh7 28. Ne4 Nc6 29. Ra8 f6 30. Kd2 Nd4 31. Bxd4 1-0

[Event "Reunion op 16th"]
[Site "St Denis"]
[Date "2014.10.23"]
[Round "7"]
[White "Caminade, Hugo"]
[Black "Alex Geerjanan, Nils"]
[Result "1-0"]
[WhiteElo "1070"]
[BlackElo "1009"]
[PlyCount "49"]
[EventDate "2014.10.18"]
[EventType "swiss"]
[EventRounds "9"]
[EventCountry "RUF"]
[SourceTitle "EXT 2015"]
[Source "ChessBase"]
[SourceDate "2014.11.20"]
[SourceVersion "1"]
[SourceVersionDate "2014.11.20"]
[SourceQuality "1"]

1. Nf3 d5 2. c4 c6 3. cxd5 cxd5 4. g3 Nf6 5. Nc3 Nc6 6. d4 g6 7. Bg2 Bg7 8. 0-0 0-0 9. Be3 Bd7 10. Qd2 Qc8 11. Bh6 Ng4 12. Bxg7 Kxg7 13. h3 Nh6 14. Ng5 Qc7 15. Nxd5 Nf5 16. Nxc7 Rac8 17. Bxc6 Bxc6 18. Qc3 Rxc7 19. d5+ Kg8 20. dxc6 Rxc6 21. Qb4 Rb6 22. Qa4 Ra6 23. Qf4 Nd6 24. Qh4 Nc4 25. Qxh7# 1-0

[Event "Reunion op 16th"]
[Site "St Denis"]
[Date "2014.10.22"]
[Round "5"]
[White "Alex Geerjanan, Nils"]
[Black "Noel, Philippe"]
[Result "0-1"]
[WhiteElo "1009"]
[BlackElo "1297"]
[PlyCount "40"]
[EventDate "2014.10.18"]
[EventType "swiss"]
[EventRounds "9"]
[EventCountry "RUF"]
[SourceTitle "EXT 2015"]
[Source "ChessBase"]
[SourceDate "2014.11.20"]
[SourceVersion "1"]
[SourceVersionDate "2014.11.20"]
[SourceQuality "1"]

1. e4 e5 2. Nf3 Nc6 3. Nc3 Nf6 4. d3 Bb4 5. Bd2 Bxc3 6. Bxc3 d6 7. g3 0-0 8. Bg2 Re8 9. 0-0 Bd7 10. Ng5 h6 11. Nf3 Qc8 12. Qe2 Bg4 13. Rfe1 Nd4 14. Rad1 c5 15. a4 a5 16. h3 Bxh3 17. Qd2 Qg4 18. Bxh3 Qxh3 19. Ng5 hxg5 20. Qxg5 Nf3# 0-1